000 00642nam#a2200205#c#4500
999 _c37557
_d37557
003 IEF
005 20250529192240.0
007 ta
008 941031s1964 mx fr | 0||u|spa |u
040 _aES-MaIEF
_bspa
_cES-MaIEF
245 0 _aIntegración de la América Latina
_bexperiencias y perspectivas
_c volumen preparado por Miguel S. Wionczek... [et al.]
260 _aMéxico [etc.]
_bFCE
_c[1964]
300 _aXXXI, 381 p., 1 h.
_c21 cm
490 _aSección de Obras de Economía
650 4 _aAMERICA LATINA
_925729
650 4 _aINTEGRACION ECONOMICA
_947497
700 _946656
_aWionczek, Miguel S.
942 _cLIB